Interindustry economic studies

Αποθηκεύτηκε σε:
Λεπτομέρειες βιβλιογραφικής εγγραφής
Κύριος συγγραφέας: Riley, Vera
Άλλοι συγγραφείς: Allen, Robert Loring
Μορφή: Βιβλίο
Γλώσσα:English
Δημοσίευση: Baltimore : Operations Research Office, c1955
Σειρά:Bibliographic reference series ; ; 4
Θέματα:
Ετικέτες: Προσθήκη ετικέτας
Δεν υπάρχουν, Καταχωρήστε ετικέτα πρώτοι!

MARC

LEADER 00000cam a2200000 i 4500
001 1/7125
008 000620s1955 eng d
035 |l 10062173 
040 |a GR-MY-UA  |b gre  |e aacr 
041 0 |a eng 
082 0 |a 016.33923 
100 1 |a Riley, Vera. 
245 1 0 |a Interindustry economic studies /  |c by Vera Riley and Robert Loring Allen 
260 |a Baltimore :   |b Operations Research Office,   |c c1955 
300 |a 280 p. 
490 1 |a Bibliographic reference series  |v ; 4 
504 |a Includes index 
650 0 0 |a Input-output analysis  |x Bibliography. 
700 1 |a Allen, Robert Loring. 
830 0 |a Bibliographic reference series ;  |v ; 4 
852 |a INST  |b LESVOS  |e 20000620  |h 016.33923 RIL  |p 005100020942  |q 005100020942  |t BK  |y 0 
909 |a Λ  |b 072901 
970 |z 2000/06/ΟΙΚΟΝΟΜΟΠΟΥΛΟΥ ΧΡΙΣΤΙΝΑ